[Event "Berlin Eckbauer op 21st"]
[Site "Berlin"]
[Date "2018.11.05"]
[Round "4"]
[White "Ettel, Ralf"]
[Black "Roeckendorf, Uwe"]
[Result "0-1"]
[WhiteElo "1577"]
[BlackElo "1592"]
[PlyCount "50"]
[EventDate "2018.10.08"]
[EventType "swiss"]
[EventRounds "7"]
[EventCountry "GER"]
[SourceTitle "CBM 189 Extra"]
[Source "ChessBase"]
[SourceDate "2019.05.31"]
[SourceVersion "1"]
[SourceVersionDate "2019.05.31"]
[SourceQuality "1"]

1. e4 e5 2. Nf3 Nc6 3. Bb5 d6 4. Nc3 Bd7 5. d4 exd4 6. Nxd4 Nxd4 7. Bxd7+ Qxd7 8. Qxd4 Nf6 9. Bg5 Be7 10. 0-0-0 h6 11. Bh4 0-0 12. Rd3 Qg4 13. Bg3 Nd7 14. h3 Qg6 15. Nd5 Bd8 16. f4 Nc5 17. Re3 c6 18. f5 Qg5 19. Bf4 Qxg2 20. Rhe1 cxd5 21. Rg3 Bf6 22. e5 dxe5 23. Bxe5 Bxe5 24. Qxe5 Nd3+ 25. cxd3 Rac8+ 0-1

[Event "Berlin-ch Seniors op 34th"]
[Site "Berlin"]
[Date "2018.02.01"]
[Round "3"]
[White "Roeckendorf, Uwe"]
[Black "Jiranek, Benno"]
[Result "0-1"]
[WhiteElo "1711"]
[BlackElo "1432"]
[PlyCount "106"]
[EventDate "2018.01.30"]
[EventType "swiss"]
[EventRounds "9"]
[EventCountry "GER"]
[SourceTitle "EXT 2020"]
[Source "ChessBase"]
[SourceDate "2019.10.17"]
[SourceVersion "1"]
[SourceVersionDate "2019.10.17"]
[SourceQuality "1"]

1. e4 e6 2. d4 d5 3. e5 c5 4. c3 Nc6 5. Nf3 Qb6 6. Be2 cxd4 7. cxd4 Nge7 8. Na3 Nf5 9. Nc2 Bb4+ 10. Bd2 Bxd2+ 11. Qxd2 Qxb2 12. 0-0 Qb6 13. Rfb1 Qc7 14. Nb4 Bd7 15. Nxc6 Bxc6 16. Qb4 a6 17. Bd3 Ne7 18. a4 g6 19. a5 0-0 20. Qd2 Kg7 21. Qg5 Ng8 22. h4 Qe7 23. Qg3 Nh6 24. h5 Nf5 25. Bxf5 exf5 26. hxg6 fxg6 27. Ng5 f4 28. Qh4 Kh8 29. Re1 Rf5 30. Nf3 Qf8 31. Ng5 Qe7 32. Nf3 Qf8 33. e6 Rh5 34. Qg4 Qh6 35. Kf1 Bb5+ 36. Re2 Bd3 37. e7 Bf5 38. e8Q+ Rxe8 39. Rxe8+ Kg7 40. Qxh5 Qxh5 41. Ke2 g5 42. Re5 Be4 43. Rc1 Qf7 44. Nxg5 Qd7 45. Rh1 Qb5+ 46. Kd2 Qd3+ 47. Ke1 Qb1+ 48. Ke2 Qxh1 49. Ne6+ Kf7 50. Nxf4 Bxg2 51. Nxg2 Qxg2 52. Rf5+ Kg6 53. Re5 Qg4+ 0-1

[Event "Berlin Eckbauer op 20th"]
[Site "Berlin"]
[Date "2017.11.27"]
[Round "7"]
[White "Roeckendorf, Uwe"]
[Black "Wozniak, Konrad"]
[Result "1/2-1/2"]
[WhiteElo "1711"]
[BlackElo "1688"]
[PlyCount "40"]
[EventDate "2017.10.09"]
[EventType "swiss"]
[EventRounds "7"]
[EventCountry "GER"]
[SourceTitle "CBM 189 Extra"]
[Source "ChessBase"]
[SourceDate "2019.05.31"]
[SourceVersion "1"]
[SourceVersionDate "2019.05.31"]
[SourceQuality "1"]

1. e4 e6 2. d4 d5 3. e5 c5 4. c3 Nc6 5. Nf3 Qb6 6. Qb3 Qc7 7. Bb5 Bd7 8. Bxc6 Bxc6 9. Qd1 cxd4 10. cxd4 Bb5 11. Nc3 Bb4 12. Bd2 Bxc3 13. Bxc3 Ne7 14. Qb3 Bc4 15. Qa4+ Qc6 16. Qxc6+ Nxc6 17. Nd2 Bd3 18. f4 0-0 19. Kf2 Rfc8 20. Nf3 h6 1/2-1/2

[Event "Berlin Eckbauer op 20th"]
[Site "Berlin"]
[Date "2017.11.20"]
[Round "6"]
[White "Scharkowski, Albrecht"]
[Black "Roeckendorf, Uwe"]
[Result "1/2-1/2"]
[WhiteElo "1668"]
[BlackElo "1711"]
[PlyCount "54"]
[EventDate "2017.10.09"]
[EventType "swiss"]
[EventRounds "7"]
[EventCountry "GER"]
[SourceTitle "CBM 189 Extra"]
[Source "ChessBase"]
[SourceDate "2019.05.31"]
[SourceVersion "1"]
[SourceVersionDate "2019.05.31"]
[SourceQuality "1"]

1. d4 d5 2. Nf3 Nf6 3. Bf4 e6 4. e3 c5 5. c3 Nc6 6. Bd3 Bd6 7. Bxd6 Qxd6 8. 0-0 cxd4 9. exd4 0-0 10. Re1 Re8 11. Qe2 a6 12. Nbd2 Bd7 13. Ne5 Ne7 14. f4 Ng6 15. g3 Bc6 16. Ndf3 Nf8 17. Ng5 Re7 18. a4 h6 19. Ngf3 N6d7 20. Nh4 Nxe5 21. fxe5 Qd8 22. Rf1 Rc7 23. Qg4 Qg5 24. Qxg5 hxg5 25. Nf3 g4 26. Nh4 Nd7 27. Be2 f5 1/2-1/2

[Event "Berlin Eckbauer op 20th"]
[Site "Berlin"]
[Date "2017.10.09"]
[Round "1"]
[White "Roeckendorf, Uwe"]
[Black "Kuester, Manfred"]
[Result "0-1"]
[WhiteElo "1711"]
[BlackElo "1878"]
[PlyCount "84"]
[EventDate "2017.10.09"]
[EventType "swiss"]
[EventRounds "7"]
[EventCountry "GER"]
[SourceTitle "CBM 189 Extra"]
[Source "ChessBase"]
[SourceDate "2019.05.31"]
[SourceVersion "1"]
[SourceVersionDate "2019.05.31"]
[SourceQuality "1"]

1. e4 Nc6 2. d4 d5 3. e5 h5 4. Nf3 Bg4 5. Be2 e6 6. c3 Nh6 7. h3 Bf5 8. Bg5 Be7 9. Qd2 Kd7 10. Bxe7 Qxe7 11. Qg5 f6 12. exf6 gxf6 13. Qe3 Be4 14. Nbd2 Nf5 15. Qf4 e5 16. dxe5 fxe5 17. Qh2 Bxf3 18. Bxf3 e4 19. 0-0-0 exf3 20. Nxf3 d4 21. Rhe1 Qc5 22. Ne5+ Kc8 23. Nxc6 bxc6 24. Qe5 Qxe5 25. Rxe5 Nd6 26. Rxd4 a5 27. Rh4 Kb7 28. Rhxh5 Rxh5 29. Rxh5 Kb6 30. f4 Rf8 31. g3 Ne4 32. g4 Rxf4 33. g5 Rf1+ 34. Kc2 Rf2+ 35. Kd3 Nc5+ 36. Ke3 Rxb2 37. g6 Ne6 38. Rh7 Rg2 39. g7 Rxg7 40. Rxg7 Nxg7 41. Kd4 Kb5 42. c4+ Kb4 0-1

[Event "Berlin-ch Seniors op 32nd"]
[Site "Berlin"]
[Date "2016.02.02"]
[Round "7"]
[White "Roeckendorf, Uwe"]
[Black "Gmerek, Henning"]
[Result "1-0"]
[WhiteElo "1707"]
[BlackElo "1584"]
[PlyCount "75"]
[EventDate "2016.01.26"]
[EventType "swiss"]
[EventRounds "9"]
[EventCountry "GER"]
[SourceTitle "EXT 2019"]
[Source "ChessBase"]
[SourceDate "2018.10.10"]
[SourceVersion "1"]
[SourceVersionDate "2018.10.10"]
[SourceQuality "1"]

1. e4 e6 2. d4 d5 3. e5 c5 4. c3 cxd4 5. cxd4 Nc6 6. Nf3 h6 7. a3 Be7 8. Nc3 f6 9. Bd3 fxe5 10. Bg6+ Kd7 11. Nxe5+ Nxe5 12. dxe5 Bg5 13. f4 Be7 14. Be3 b6 15. Rc1 Ba6 16. Qa4+ b5 17. Qxa6 Qc8 18. Qxb5+ Kd8 19. Qa5+ Qc7 20. Qxc7+ Kxc7 21. Nxd5+ Kd8 22. Nxe7 Nxe7 23. Be4 Rc8 24. 0-0 Nf5 25. Bxf5 exf5 26. Rxc8+ Kxc8 27. Bxa7 Rd8 28. Bc5 Rd2 29. b4 Ra2 30. b5 Rc2 31. Bb4 Rb2 32. Rc1+ Kd7 33. Rc6 Rb1+ 34. Kf2 Rb2+ 35. Kf3 g5 36. fxg5 hxg5 37. h3 Rb1 38. e6+ 1-0

[Event "Berlin Eckbauer op 18th"]
[Site "Berlin"]
[Date "2015.11.23"]
[Round "7"]
[White "Eichstaedt, Torsten"]
[Black "Roeckendorf, Uwe"]
[Result "0-1"]
[WhiteElo "1350"]
[BlackElo "1707"]
[PlyCount "142"]
[EventDate "2015.10.05"]
[EventType "swiss"]
[EventRounds "7"]
[EventCountry "GER"]
[SourceTitle "EXT 2022"]
[Source "ChessBase"]
[SourceDate "2021.10.06"]
[SourceVersion "1"]
[SourceVersionDate "2021.10.06"]
[SourceQuality "1"]

1. c4 Nf6 2. g3 e6 3. Bg2 c6 4. Nf3 d5 5. Qc2 h6 6. 0-0 Be7 7. cxd5 exd5 8. d4 0-0 9. Nbd2 Be6 10. e4 dxe4 11. Nxe4 Bd5 12. Nxf6+ Bxf6 13. Be3 Nd7 14. b3 Re8 15. Rad1 Nb6 16. Qf5 Be4 17. Qc5 Be7 18. Qc1 Qd5 19. Ne1 Bxg2 20. Nxg2 Qd6 21. Bf4 Qg6 22. Kh1 Nd5 23. Be5 Rad8 24. Nf4 Nxf4 25. gxf4 Qe4+ 26. f3 Qd5 27. Bc7 Rd7 28. Be5 f6 29. Qc4 Qxc4 30. bxc4 fxe5 31. fxe5 Bg5 32. f4 Bd8 33. d5 cxd5 34. cxd5 g6 35. Rf3 Rf8 36. Kg2 Rf5 37. Kg3 Kg7 38. h4 h5 39. Ra3 Bb6 40. Rad3 Bc5 41. d6 Kf7 42. a4 a5 43. Kf3 Ke6 44. Ke4 b6 45. Rb3 Rdf7 46. Rf3 Rd7 47. Rg3 Rg7 48. Rg5 Rff7 49. Rd2 Rf8 50. Rdg2 Rfg8 51. Rxg6+ Kf7 52. Rxg7+ Rxg7 53. Rxg7+ Kxg7 54. Kd5 Kf7 55. e6+ Ke8 56. f5 Bf2 57. f6 Bxh4 58. f7+ Kf8 59. Kc6 Bf6 60. Kxb6 h4 61. e7+ Bxe7 62. dxe7+ Kxe7 63. f8Q+ Kxf8 64. Kxa5 h3 65. Kb6 h2 66. a5 h1Q 67. a6 Qa8 68. a7 Ke7 69. Ka6 Kd7 70. Kb6 Qc6+ 71. Ka5 Kc7 0-1

[Event "Berlin-ch Seniors op 31st"]
[Site "Berlin"]
[Date "2015.02.07"]
[Round "9"]
[White "Roeckendorf, Uwe"]
[Black "Hirr, Rudi"]
[Result "1/2-1/2"]
[WhiteElo "1441"]
[BlackElo "1578"]
[PlyCount "21"]
[EventDate "2015.01.29"]
[EventType "swiss"]
[EventRounds "9"]
[EventCountry "GER"]
[SourceTitle "EXT 2018"]
[Source "ChessBase"]
[SourceDate "2017.10.13"]
[SourceVersion "1"]
[SourceVersionDate "2017.10.13"]
[SourceQuality "1"]

1. e4 e6 2. d4 d5 3. Nc3 Bb4 4. e5 Ne7 5. a3 Bxc3+ 6. bxc3 Nd7 7. Bd3 c5 8. Qg4 c4 9. Be2 0-0 10. Nf3 f5 11. Qh3 1/2-1/2

[Event "Berlin Eckbauer op 17th"]
[Site "Berlin"]
[Date "2014.11.24"]
[Round "7"]
[White "Roeckendorf, Uwe"]
[Black "Uebelhoede, Klaus"]
[Result "1-0"]
[WhiteElo "1481"]
[BlackElo "1082"]
[PlyCount "87"]
[EventDate "2014.10.06"]
[EventType "swiss"]
[EventRounds "7"]
[EventCountry "GER"]
[SourceTitle "EXT 2022"]
[Source "ChessBase"]
[SourceDate "2021.10.06"]
[SourceVersion "1"]
[SourceVersionDate "2021.10.06"]
[SourceQuality "1"]

1. e4 d5 2. e5 c5 3. Nf3 Nc6 4. c3 e6 5. d4 cxd4 6. cxd4 Bd7 7. Bb5 Qa5+ 8. Nc3 Bb4 9. Bxc6 Bxc6 10. Bd2 Rc8 11. a3 Bxc3 12. Bxc3 Qb6 13. 0-0 Bb5 14. Re1 Ne7 15. Qd2 0-0 16. Qg5 Nf5 17. g4 h6 18. Qd2 Ne7 19. Rac1 f6 20. exf6 Rxf6 21. Ne5 Rcf8 22. f3 Ng6 23. Bb4 Nxe5 24. Rxe5 Rxf3 25. Bxf8 Kxf8 26. Kg2 Rd3 27. Rc8+ Ke7 28. Qf2 Be8 29. Rc3 Rxd4 30. h3 Bg6 31. Re2 Be4+ 32. Kh2 Qd6+ 33. Kg1 Rd1+ 34. Re1 Rxe1+ 35. Qxe1 Qb6+ 36. Qf2 d4 37. Rc1 Qd6 38. Qh4+ Kd7 39. g5 d3 40. Qxe4 d2 41. Rd1 Qg3+ 42. Qg2 Qe3+ 43. Qf2 Qxh3 44. Rxd2+ 1-0

[Event "Berlin Eckbauer op 17th"]
[Site "Berlin"]
[Date "2014.11.03"]
[Round "4"]
[White "Baer, Alexander"]
[Black "Roeckendorf, Uwe"]
[Result "1/2-1/2"]
[WhiteElo "1206"]
[BlackElo "1481"]
[PlyCount "66"]
[EventDate "2014.10.06"]
[EventType "swiss"]
[EventRounds "7"]
[EventCountry "GER"]
[SourceTitle "EXT 2022"]
[Source "ChessBase"]
[SourceDate "2021.10.06"]
[SourceVersion "1"]
[SourceVersionDate "2021.10.06"]
[SourceQuality "1"]

1. e4 e5 2. Nf3 d6 3. Bc4 h6 4. Nc3 Nc6 5. d4 exd4 6. Nxd4 Ne5 7. Bb3 a6 8. 0-0 Nf6 9. f3 c5 10. Nf5 c4 11. f4 cxb3 12. fxe5 Qb6+ 13. Be3 bxc2 14. Qxc2 Qc6 15. exf6 gxf6 16. Rac1 Bxf5 17. Rxf5 Bg7 18. Nd5 Qxc2 19. Rxc2 0-0 20. Bd4 Rfe8 21. Nxf6+ Bxf6 22. Rxf6 Rxe4 23. Rxd6 Rae8 24. Bf2 R8e6 25. Rd8+ Kg7 26. h3 b5 27. Kh2 f5 28. Rd3 f4 29. Rf3 Kg6 30. g3 fxg3+ 31. Rxg3+ Kf5 32. Rf3+ Kg6 33. a3 b4 1/2-1/2

[Event "Berlin Eckbauer op 17th"]
[Site "Berlin"]
[Date "2014.10.06"]
[Round "1"]
[White "Roeckendorf, Uwe"]
[Black "Toth, Ferenc2"]
[Result "0-1"]
[WhiteElo "1481"]
[BlackElo "1915"]
[PlyCount "72"]
[EventDate "2014.10.06"]
[EventType "swiss"]
[EventRounds "7"]
[EventCountry "GER"]
[SourceTitle "EXT 2022"]
[Source "ChessBase"]
[SourceDate "2021.10.06"]
[SourceVersion "1"]
[SourceVersionDate "2021.10.06"]
[SourceQuality "1"]

1. e4 c5 2. Nf3 Nc6 3. d4 cxd4 4. Nxd4 Nf6 5. Nc3 e5 6. Ndb5 d6 7. Bg5 a6 8. Na3 Be6 9. Nd5 Qa5+ 10. Qd2 Qxd2+ 11. Bxd2 Bxd5 12. exd5 Nxd5 13. Bc4 Nb6 14. Be2 f5 15. Nc4 Nd7 16. Na5 Nxa5 17. Bxa5 b6 18. Bd2 d5 19. c3 Bc5 20. 0-0 0-0 21. Rad1 b5 22. Bc1 Nf6 23. Bg5 d4 24. cxd4 Bxd4 25. Bxf6 Rxf6 26. b3 Rc8 27. Rc1 Rfc6 28. Rxc6 Rxc6 29. a3 Rc3 30. a4 Rxb3 31. axb5 axb5 32. Rc1 Rb2 33. Kf1 Kf7 34. f3 Kf6 35. g4 fxg4 36. fxg4 Kg5 0-1

[Event "Berlin Eckbauer op 16th"]
[Site "Berlin"]
[Date "2013.10.21"]
[Round "3"]
[White "Grosse, Michael"]
[Black "Roeckendorf, Uwe"]
[Result "1-0"]
[WhiteElo "1956"]
[BlackElo "1530"]
[PlyCount "46"]
[EventDate "2013.10.07"]
[EventType "swiss"]
[EventRounds "7"]
[EventCountry "GER"]
[SourceTitle "EXT 2022"]
[Source "ChessBase"]
[SourceDate "2021.10.06"]
[SourceVersion "1"]
[SourceVersionDate "2021.10.06"]
[SourceQuality "1"]

1. e4 e5 2. Nf3 Nf6 3. Nxe5 d6 4. Nf3 Nxe4 5. d3 Nf6 6. d4 d5 7. c4 c6 8. Nc3 Bb4 9. Be2 h6 10. 0-0 Be6 11. Qb3 Bxc3 12. bxc3 b6 13. Ba3 Nbd7 14. cxd5 Bxd5 15. c4 Be4 16. Rfe1 c5 17. Bd3 0-0 18. Bxe4 Nxe4 19. Rxe4 Re8 20. Rxe8+ Qxe8 21. Re1 Qc8 22. d5 Nf6 23. Bb2 Qf5 1-0

[Event "Berlin op 09"]
[Site "Berlin"]
[Date "2004.10.18"]
[Round "7"]
[White "Von Muenchhausen, Kai"]
[Black "Roeckendorf, Uwe"]
[Result "0-1"]
[WhiteElo "1491"]
[BlackElo "1562"]
[PlyCount "128"]
[EventDate "2004.09.06"]
[EventType "swiss"]
[EventRounds "7"]
[EventCountry "GER"]
[SourceTitle "EXT 2007"]
[Source "ChessBase"]
[SourceDate "2006.11.23"]
[SourceVersion "1"]
[SourceVersionDate "2006.11.23"]
[SourceQuality "1"]

1. e4 e5 2. Nc3 Nc6 3. Bc4 Nf6 4. Nf3 d6 5. d4 exd4 6. Nxd4 Ne5 7. Be2 a6 8. 0-0 Be7 9. f3 0-0 10. Nd5 Nxd5 11. exd5 Bf6 12. Re1 Bd7 13. Be3 Bh4 14. Bf2 Bxf2+ 15. Kxf2 Qh4+ 16. Kg1 Qg5 17. Qc1 Qf6 18. Qd2 Ng6 19. c3 Nf4 20. Nc2 Qg5 21. Ne3 Rfe8 22. Bf1 Re5 23. Rad1 Rae8 24. Kh1 Nxd5 25. Nxd5 Qxd2 26. Rxd2 Rxe1 27. Kg1 Bb5 28. Rf2 c6 29. Nc7 R8e7 30. Nxb5 axb5 31. g3 Ra1 32. a3 c5 33. Kg2 b4 34. axb4 cxb4 35. cxb4 Ra4 36. b3 Rxb4 37. Bc4 b5 38. Bd5 Re5 39. Ra2 g6 40. Rd2 Kg7 41. Kf2 h5 42. f4 Re7 43. Kg2 h4 44. Kf2 hxg3+ 45. hxg3 g5 46. fxg5 Rg4 47. Bf3 Rxg5 48. Rxd6 Rf5 49. Kg2 Re3 50. Bd1 Rc5 51. g4 Rc1 52. Kf2 Re5 53. Kf3 Rcc5 54. Kf4 Rcd5 55. Rxd5 Rxd5 56. Be2 f6 57. Ke4 Re5+ 58. Kf3 Kg6 59. Bd1 Kg5 60. Bc2 Rc5 61. Bd1 b4 62. Ke3 Rc3+ 63. Kd4 Kf4 64. Kd5 Rd3+ 0-1